27 Mart 1994 yerel seçimler sayısal ve siyasal değerlendirme (Record no. 7380)

MARC details
000 -BAŞLIK
Sabit Uzunlukta Kontrol Alanı 00871na a2200265 4500
001 - KONTROL NUMARASI
Denetim Alanı 19667
003 - KONTROL NUMARASI IDENTIFIER
Denetim Alanı MIRAKIL
005 - SON İŞLEM TARİHİ VE ZAMANI
Denetim Alanı 20181213155137.0
008 - SABİT-BOY VERİ ELEMANLARI - GENEL BİLGİLER
Sabit Uzunlukta Kontrol Alanı 170116b tu 000 0
035 ## - SİSTEM KONTROL NUMARASI
Sistem Kontrol Numarası 19667
040 ## - KATALOGLAMA KAYNAK
Orijinal Kataloglama Ajansı Milas
Kataloglama Dili tur
Metne Dönüştürmek Ajansı TR-AnCHP
041 ## - DİL KODU
Metin / Ses Parça Veya Ayrı Başlığın Dil Kodu tur
082 ## - DEWEY ONLU SINIFLANDIRMA NUMARASI
Sınıflandırma Numarası 324.9561
Ürün Numarası T85y 1994
090 ## - SINIFLAMA NUMARASI
Sınıflama Numarası 324.9561 T85y 1994
100 ## - ANA GİRİŞ - KİŞİSEL İSİM
Kişisel Ad Tuncer, Erol
245 ## - BAŞLIK TABLOSU
Başlık 27 Mart 1994 yerel seçimler sayısal ve siyasal değerlendirme
Sorumluluk Tablosu, Vb Erol Tuncer
250 ## - EDITION TABLOSU
Baskı Beyanı 2.bs.
260 ## - YAYIN, DAĞITIM, VB
Yayın, Dağıtım, Vb Yeri [Ankara]
Yayıncı, Dağıtıcı, Vs Adı Toplumsal Ekonomik Siyasal Araştırmalar Vakfı (TESAV)
Yayın, Dağıtım, Vb Tarihi 1994
300 ## - FİZİKSEL TANIM
Kapsam 162 s.
Diğer Fiziksel Ayrıntıları tbl.
Boyutlar 20 sm.
490 ## - SERİSİ TABLOSU
Seri Beyanı Toplumsal Ekonomik Siyasal Araştırmalar Vakfı (TESAV)
Hacim / Ardışık Tanımı 2
650 ## - KONU KATMA GİRİŞ - TOPİKAL DÖNEM
Topikal Süreli Veya Coğrafi Ad Giriş Elemanı Yerel seçimler
Genel Alt Bölümü Siyasal değerlendirme
Coğrafi Alt Bölümü Türkiye
650 ## - KONU KATMA GİRİŞ - TOPİKAL DÖNEM
Topikal Süreli Veya Coğrafi Ad Giriş Elemanı Yerel seçimler
Genel Alt Bölümü Sayısal değerlendirme
Coğrafi Alt Bölümü Türkiye
650 ## - KONU KATMA GİRİŞ - TOPİKAL DÖNEM
Topikal Süreli Veya Coğrafi Ad Giriş Elemanı Yerel yönetimler
Coğrafi Alt Bölümü Türkiye
942 ## - EKLENDİ GİRİŞ ELEMANLARI (KOHA)
Sınıflandırma Veya Raf Düzeni Kaynak Dewey Decimal Classification
Koha Öğesi Türü Books
999 ## - SİSTEM KONTROL NUMARALARI (KOHA)
Koha Biblionumber 7380
Koha Biblioitemnumber 7380
Holdings
Kalıcı Konum Mevcut Konum Edinme Tarihi Edinim Kaynak Toplam Check-Out'Lar Tam Çağrı Numarası Barkod Tarih Son Görülme İtibaren Geçerli Fiyatlar Koha Öğesi Türü
CHP Kütüphanesi CHP Kütüphanesi 12/22/2016 Bağış   324.9561 T85y 1994 010808 12/22/2016 12/22/2016 Books